000 00413nam a22001697a 4500
005 20260408112834.0
008 160627b xxu||||| |||| 00| 0 eng d
020 _a0-7515-35518-3
041 _aeng
082 _a306.87
100 _aGreenwald, Rachel
_92884
245 _aThe Program
260 _btime warner
_c2004
300 _a278
650 _aCourtship and dating / finding a partner
_98945
942 _cBK
999 _c4179
_d4178